[Event "EWCCC Online Preliminary-D 2020"]
[Site "Online"]
[Date "2020.12.19"]
[Round "3.3"]
[White "Tsirulnik, Maritsa"]
[Black "Ciuksyte, Dagne"]
[Result "1-0"]
[WhiteElo "2139"]
[BlackElo "2294"]
[Annotator "TA"]
[PlyCount "101"]
[EventDate "2020.12.19"]
[EventType "team-tourn"]
[EventCountry "NET"]
[SourceTitle "playchess.com"]
[Source "ChessBase"]
[SourceQuality "1"]

{[%evp 13,101,41,31,29,24,21,29,15,41,33,54,36,35,37,61,-37,20,-18,-10,-114,-130,-120,-108,-108,-123,-178,-195,-183,-104,-145,-107,-128,-91,-162,-83,-84,-86,-78,-68,-76,-84,-86,-94,-93,-58,-56,-64,-106,-65,-45,-62,-88,11,10,10,10,17,16,20,20,17,17,139,65,36,52,77,26,36,22,52,26,360,337,631,658,578,555,1597,1516,1300,973,914,239,1020,935,8169,6122,29981,29975]} 1. d4 Nf6 2. c4 e6 3. g3 Bb4+ 4. Bd2 a5 5. Bg2 d6 6. Nf3 Nbd7 7. O-O e5 8. Bc1 {aiming for a3. E11: Bogo-Indian.} exd4 9. Nxd4 O-O 10. b3 {White has an edge.} Ne5 11. Bb2 {[#]} c6 $146 ({Predecessor:} 11... Re8 12. Nc3 c6 13. Qc2 Bd7 14. Rad1 Qc8 15. Na4 Bc5 16. Nxc5 dxc5 17. Nf3 Bf5 {1-0 (27) Kuzubov,Y (2644)-Petursson,M (2466) Tallinn 2020}) 12. Nc2 Bc5 13. Nc3 Re8 14. a3 ({White should try} 14. Na4 $14 Ba7 15. Bd4) 14... Bg4 (14... Qb6 $15 15. b4 axb4 16. axb4 Rxa1 17. Qxa1 Bxb4) 15. h3 Bh5 16. Qd2 (16. Na4 $11 {remains equal.}) 16... a4 $17 17. Nxa4 {[#]} Nxc4 $1 {[%mdl 512]} 18. bxc4 Rxa4 19. g4 (19. Ne3 $17) 19... Bg6 $19 20. Nb4 Be4 ({Better is} 20... Ne4 $19 21. Qd1 Qh4) 21. Qc3 {Threatening Bxe4.} Bxg2 {[%mdl 64] Discovered Attack} 22. Kxg2 Rxe2 23. Nd3 (23. Rae1 $17 {only move.} Qe7 24. Nd3 Qe4+ 25. Kg1 Rxe1 26. Rxe1 Qxc4 27. Qxc4 Rxc4 28. Re7) 23... Qe7 ({Black should play} 23... b5 $19 24. cxb5 cxb5) 24. Rae1 $17 Qe4+ 25. Kg1 Rxe1 26. Rxe1 Qxc4 (26... Rxc4 $2 27. Qa5 $18) 27. g5 Qxc3 28. Bxc3 Nd7 (28... Rxa3 29. gxf6 gxf6 30. Bxf6 $16) 29. Nxc5 dxc5 $15 {[%mdl 4096] Endgame KRB-KRN} 30. Re8+ Nf8 31. Be5 {Threatens to win with Bd6!} Re4 $1 ({Avoid the trap} 31... Rxa3 $2 32. Bd6 $1 $18 {[%mdl 512]}) 32. f3 $1 {[%cal Rf3e4]} Rxe5 (32... Re2 $17 33. Kf1 Rd2) 33. Rxe5 $17 {KR-KN} Ne6 34. f4 {Hoping for f5.} g6 35. h4 Kf8 36. f5 gxf5 37. Rxf5 Ke7 (37... b5 $11) 38. Kf2 (38. a4 $1 $16) 38... b5 $1 $14 39. Ke3 {[%mdl 1024] White has compensation.} c4 {[#]} 40. Kd2 (40. a4 $1 $16 {[%mdl 512]}) 40... c5 41. Kc3 Ke8 42. Rf6 {And now Rh6 would win.} Ke7 $2 {[%mdl 8192] [#]} (42... Kf8 $1 $11 {and Black stays safe.}) 43. Rh6 $1 $18 Nc7 $2 (43... Nf8 44. Rb6 b4+ 45. axb4 cxb4+ 46. Rxb4 Ng6 47. Rxc4 Nf8) 44. Rxh7 Nd5+ 45. Kc2 b4 46. axb4 cxb4 47. Rh8 Ne3+ 48. Kb2 $2 (48. Kc1 {Strongly threatening Rb8.} Nd5 49. h5) 48... Kd7 $2 (48... c3+ 49. Kb3 Nf5) 49. Rb8 b3 50. h5 Ke6 51. h6 {Never resign too early!  Weighted Error Value: White=0.39/Black=0.63} 1-0

[Event "EWCCC Online Preliminary-D 2020"]
[Site "Online"]
[Date "2020.12.19"]
[Round "3.3"]
[White "Grigoryan, Meri"]
[Black "Mashchenko, Tamila"]
[Result "1-0"]
[WhiteElo "2044"]
[BlackElo "1768"]
[Annotator "NA"]
[PlyCount "65"]
[EventDate "2020.12.19"]
[EventType "team-tourn"]
[EventCountry "NET"]
[SourceTitle "playchess.com"]
[Source "ChessBase"]
[SourceQuality "1"]
[TimeControl "900+5"]

1. d4 {[%emt 0:00:00]} Nf6 {[%emt 0:00:05]} 2. c4 {[%emt 0:00:05]} g6 {[%emt 0:00:02]} 3. Nc3 {[%emt 0:00:03]} Bg7 {[%emt 0:00:03]} 4. e4 {[%emt 0:00:04]} d6 {[%emt 0:00:03]} 5. h3 {[%emt 0:00:02]} O-O {[%emt 0:00:04]} 6. Nf3 {[%emt 0:00:04]} Nbd7 {[%emt 0:00:03]} 7. Bg5 {[%emt 0:00:13]} h6 {[%emt 0:00:04]} 8. Be3 {[%emt 0:00:10]} e5 {[%emt 0:00:03]} 9. d5 {[%emt 0:01:49]} Nc5 {[%emt 0:00:50]} 10. Bd3 {[%emt 0:01:03]} Nxd3+ {[%emt 0:00:09]} 11. Qxd3 {[%emt 0:00:02]} Nh5 {[%emt 0:00:04]} 12. Qd2 {[%emt 0:01:14]} Kh7 {[%emt 0:00:29]} 13. g4 {[%emt 0:00:08]} Nf4 {[%emt 0:03:58]} 14. O-O-O {[%emt 0:04:29]} f5 {[%emt 0:01:21]} 15. gxf5 {[%emt 0:02:02]} gxf5 {[%emt 0:00:05]} 16. Bxf4 {[%emt 0:02:32]} exf4 {[%emt 0:02:36]} 17. Nd4 {[%emt 0:00:29]} fxe4 {[%emt 0:00:14]} 18. Nxe4 {[%emt 0:00:14]} a5 {[%emt 0:00:48]} 19. Rdg1 {[%emt 0:00:35]} Qe7 {[%emt 0:00:19]} 20. Nc3 {[%emt 0:01:08]} a4 {[%emt 0:00:46]} 21. Qd3+ {[%emt 0:00:06]} Kh8 {[%emt 0:00:13]} 22. a3 {[%emt 0:00:05]} Qf6 {[%emt 0:00:13]} 23. Nce2 {[%emt 0:00:06]} f3 {[%emt 0:00:18]} 24. Rxg7 {[%emt 0:00:02]} Qxg7 {[%emt 0:00:11]} 25. Ng3 {[%emt 0:00:02]} Qg5+ {[%emt 0:00:43]} 26. Kb1 {[%emt 0:00:05]} Bd7 {[%emt 0:01:06]} 27. Qc3 {[%emt 0:00:05]} Qg7 {[%emt 0:00:24]} 28. Nh5 {[%emt 0:00:08]} Qe5 {[%emt 0:00:39]} 29. Re1 {[%emt 0:00:02]} Bf5+ {[%emt 0:00:36]} 30. Ka2 {[%emt 0:00:10]} Be4 {[%emt 0:00:07]} 31. Rxe4 {[%emt 0:00:11]} Qxe4 {[%emt 0:00:20]} 32. Nxf3+ {[%emt 0:00:03]} Kg8 {[%emt 0:00:21]} 33. Qg7# {[%emt 0:00:03]} 1-0

[Event "EWCCC Online Preliminary-D 2020"]
[Site "Online"]
[Date "2020.12.19"]
[Round "3.3"]
[White "Prasol, Aliesia"]
[Black "Fink-Nunn, Petra"]
[Result "0-1"]
[WhiteElo "1702"]
[BlackElo "1966"]
[Annotator "NA"]
[PlyCount "66"]
[EventDate "2020.12.19"]
[EventType "team-tourn"]
[EventCountry "NET"]
[SourceTitle "playchess.com"]
[Source "ChessBase"]
[SourceQuality "1"]
[TimeControl "900+5"]

1. e4 {[%emt 0:00:09]} e5 {[%emt 0:00:03]} 2. Nf3 {[%emt 0:00:03]} Nc6 {[%emt 0:00:02]} 3. Bc4 {[%emt 0:00:02]} Nf6 {[%emt 0:00:05]} 4. d3 {[%emt 0:00:05]} Be7 {[%emt 0:00:04]} 5. O-O {[%emt 0:00:01]} O-O {[%emt 0:00:03]} 6. h3 {[%emt 0:00:11]} d6 {[%emt 0:00:48]} 7. Be3 {[%emt 0:00:09]} Na5 {[%emt 0:00:23]} 8. Bb3 {[%emt 0:00:05]} Nxb3 {[%emt 0:00:14]} 9. axb3 {[%emt 0:00:03]} h6 {[%emt 0:01:03]} 10. Nc3 {[%emt 0:00:14]} c5 {[%emt 0:01:12]} 11. Qd2 {[%emt 0:00:22]} Be6 {[%emt 0:00:38]} 12. Ra2 {[%emt 0:00:24]} Re8 {[%emt 0:00:15]} 13. Rfa1 {[%emt 0:00:04]} a6 {[%emt 0:00:04]} 14. Ne2 {[%emt 0:00:40]} Qd7 {[%emt 0:00:16]} 15. Ra3 {[%emt 0:00:07]} Bd8 {[%emt 0:01:10]} 16. b4 {[%emt 0:00:10]} c4 {[%emt 0:01:15]} 17. dxc4 {[%emt 0:00:39]} Nxe4 {[%emt 0:00:59]} 18. Qd3 {[%emt 0:00:16]} Bf5 {[%emt 0:00:30]} 19. Qd5 {[%emt 0:00:21]} Nf6 {[%emt 0:00:29]} 20. Qd2 {[%emt 0:00:05]} Rc8 {[%emt 0:00:36]} 21. b3 {[%emt 0:00:16]} d5 {[%emt 0:00:16]} 22. Bc5 {[%emt 0:02:26]} b6 {[%emt 0:00:37]} 23. Rxa6 {[%emt 0:00:04]} bxc5 {[%emt 0:00:04]} 24. Ra7 {[%emt 0:00:02]} Rc7 {[%emt 0:00:40]} 25. Rxc7 {[%emt 0:00:15]} Qxc7 {[%emt 0:00:27]} 26. bxc5 {[%emt 0:00:21]} Qxc5 {[%emt 0:00:41]} 27. Ng3 {[%emt 0:00:06]} Bg6 {[%emt 0:00:32]} 28. Ra8 {[%emt 0:01:06]} Qc6 {[%emt 0:00:38]} 29. Ra4 {[%emt 0:00:14]} Bb6 {[%emt 0:00:57]} 30. c3 {[%emt 0:00:14]} Rd8 {[%emt 0:00:19]} 31. Nxe5 {[%emt 0:00:12]} Qc5 {[%emt 0:00:30]} 32. b4 {[%emt 0:02:23]} Qc7 {[%emt 0:00:04]} 33. Qe2 {[%emt 0:00:10]} Re8 {[%emt 0:00:10]} 0-1

[Event "EWCCC Online Preliminary-D 2020"]
[Site "Online"]
[Date "2020.12.19"]
[Round "3.4"]
[White "Narva, Mai"]
[Black "Koridze, Lile"]
[Result "0-1"]
[WhiteElo "2276"]
[BlackElo "2016"]
[Annotator "TA"]
[PlyCount "108"]
[EventDate "2020.12.19"]
[EventType "team-tourn"]
[EventCountry "NET"]
[SourceTitle "playchess.com"]
[Source "ChessBase"]
[SourceQuality "1"]

{[%evp 20,108,50,52,83,75,83,75,75,67,87,59,87,71,104,85,92,79,83,29,49,-64,-65,-114,-105,-94,-100,-83,-70,-95,0,-130,0,-97,-66,-214,-204,-365,-394,-498,-498,-491,-281,-627,-626,-598,-400,-391,-392,-462,-447,-503,-484,-425,-291,-394,-362,-393,-391,-363,-355,-454,-422,-421,-412,-5925,-5742,-1787,-1157,-689,-458,-311,-21,-103,-104,-29981,-29982,-29982,-29983,-29979,-6637,-29987,-29988,-4627,-4627,-5933,-4952,-29987,-29988,-29988,-29989]} 1. e4 c5 2. Nf3 d6 3. d4 cxd4 4. Nxd4 Nf6 5. Nc3 Nc6 6. Bg5 e6 7. Qd2 a6 8. O-O-O Bd7 9. f4 b5 10. Bxf6 gxf6 11. Kb1 b4 {Hoping for ...Nxd4. B67: Sicilian: Richter-Rauzer: 7...a6 8 0-0-0 Bd7, lines without 9 f4 Be7.} 12. Nce2 Qb6 13. Nxc6 Bxc6 {White is better.} 14. f5 Bxe4 15. fxe6 fxe6 16. Qf4 {has lost popularity (16.Nf4).} f5 {...Qc5 is the strong threat.} 17. Ng3 {[#]} Qc6 $1 18. Bd3 Bxd3 (18... Bxg2 $2 19. Rhe1 $18) 19. Rxd3 ({Better is} 19. cxd3 $16 {aiming for Rhe1.} Bg7 20. Nh5) 19... Rc8 $11 {[#]} (19... Qxg2 $2 20. Re1 $18) 20. c3 $146 (20. Rc1 $14) ({Predecessor:} 20. Rd2 Qc4 21. Qg5 Kd7 22. Re1 Be7 23. Qg7 Qg4 24. Qe5 Qg6 25. Nh5 Rhe8 26. Nf6+ {½-½ (33) Sosovicka,M (2040)-Ivekovic,B (2200) Prague 2012}) 20... Qb5 $1 $40 {[%cal Rb5d3][%mdl 128] Black attacks.} ({Don't play} 20... bxc3 $6 21. Rxc3 Qd7 22. Rxc8+ Qxc8 23. Rc1 $11) (20... Qxg2 $2 21. Re1 $18) 21. Qf3 {With the idea Re1.} bxc3 22. Rxc3 Rxc3 23. Qxc3 Qe5 24. Qb4 {Threatening Re1.} Qb5 (24... d5 $17 25. Qd2 Kf7) 25. Qd4 (25. Qc3 $11 Kf7 26. Re1 (26. Qxh8 $2 {perishes.} Bg7 $19)) 25... Qe5 26. Qb4 $1 {Black should prevent Re1.} a5 27. Qb7 ({White has to play} 27. Qd2 $1 $15) 27... Bg7 $19 28. Qc6+ $2 (28. Nh5 {keeps fighting.} Bh6 29. g3) 28... Kf7 {[%csl Gg7][%cal Re5b2]} 29. Qb7+ Kg6 30. Rc1 h5 (30... d5 $142 31. Rc6 Bf6) 31. a3 $2 (31. Rc2 Qe1+ 32. Rc1) 31... h4 32. Nf1 Qe4+ 33. Qxe4 fxe4 {[%mdl 4096] Endgame KRB-KRN} 34. Rc6 Rb8 35. Rxd6 Rxb2+ 36. Kc1 Ra2 37. Rxe6+ Kf5 38. Re7 Bd4 {White must now prevent ...Ra1+.} 39. Kd1 Rxa3 ({Much less strong is} 39... Rxg2 40. Rf7+ Ke5 41. Re7+ Kd5 42. Nd2 $19) 40. Rd7 Rd3+ 41. Ke2 a4 42. g3 (42. Rd8 $142) 42... a3 43. Rd5+ Ke6 44. Ra5 Rb3 {Threatens to win with ...Rb2+.} 45. Nd2 Rb2 $2 (45... Re3+ $19 46. Kd1 h3) 46. Ra6+ (46. Rxa3 $11 e3 47. Rxe3+ Bxe3 48. Kxe3) 46... Kd5 {Strongly threatening ...e3.} 47. Ra5+ $2 {[%mdl 8192] [#]} (47. Rxa3 $17 h3 48. Rb3) 47... Bc5 48. Kd1 e3 49. Nf3 Kc4 (49... Ke4 $142 50. Rxc5 Kxf3 51. Kc1 Rxh2 52. Rf5+ Ke4 53. Ra5 hxg3 54. Ra4+ Kf3 55. Ra8 g2 56. Rf8+ Ke4 57. Rg8 a2 58. Re8+ Kf5 59. Rf8+ Ke6 60. Re8+ Kf7 61. Kb2 g1=Q+ 62. Kc3 Kxe8 63. Kd4 a1=Q+ 64. Kd5 Qc3 65. Ke6 Qg6+ 66. Kd5 Rh5#) 50. Kc1 Bb4 51. Ra8 Bd2+ 52. Kd1 a2 53. Ke2 Ba5+ 54. Kxe3 a1=Q {Weighted Error Value: White=1.06/Black=0.59} 0-1

[Event "EWCCC Online Preliminary-D 2020"]
[Site "Online"]
[Date "2020.12.19"]
[Round "3.4"]
[White "Narva, Triin"]
[Black "Pipia, Ekaterine"]
[Result "0-1"]
[WhiteElo "2100"]
[BlackElo "2019"]
[Annotator "NA"]
[PlyCount "60"]
[EventDate "2020.12.19"]
[EventType "team-tourn"]
[EventCountry "NET"]
[SourceTitle "playchess.com"]
[Source "ChessBase"]
[SourceQuality "1"]
[TimeControl "900+5"]

1. e4 {[%emt 0:00:00]} c5 {[%emt 0:00:02]} 2. Nc3 {[%emt 0:00:14]} Nc6 {[%emt 0:00:05]} 3. g3 {[%emt 0:00:01]} g6 {[%emt 0:00:01]} 4. Bg2 {[%emt 0:00:02]} Bg7 {[%emt 0:00:01]} 5. d3 {[%emt 0:00:01]} d6 {[%emt 0:00:30]} 6. Nge2 {[%emt 0:00:11]} e6 {[%emt 0:00:16]} 7. O-O {[%emt 0:00:08]} Nge7 {[%emt 0:00:01]} 8. f4 {[%emt 0:00:01]} O-O {[%emt 0:00:02]} 9. g4 {[%emt 0:00:04]} f5 {[%emt 0:01:10]} 10. h3 {[%emt 0:01:55]} a6 {[%emt 0:00:27]} 11. a4 {[%emt 0:00:06]} Kh8 {[%emt 0:00:18]} 12. Kh1 {[%emt 0:00:45]} e5 {[%emt 0:00:26]} 13. gxf5 {[%emt 0:02:27]} gxf5 {[%emt 0:00:04]} 14. Ng3 {[%emt 0:01:08]} exf4 {[%emt 0:01:17]} 15. Bxf4 {[%emt 0:00:15]} Ng6 {[%emt 0:00:32]} 16. Qh5 {[%emt 0:00:52]} Nxf4 {[%emt 0:03:14]} 17. Rxf4 {[%emt 0:00:07]} Rf6 {[%emt 0:00:40]} 18. Nxf5 {[%emt 0:00:34]} Bxf5 {[%emt 0:00:03]} 19. Rxf5 {[%emt 0:00:25]} Rh6 {[%emt 0:00:08]} 20. Qf7 {[%emt 0:00:58]} Nd4 {[%emt 0:01:12]} 21. Rf2 {[%emt 0:00:17]} Qh4 {[%emt 0:00:52]} 22. Raf1 {[%emt 0:05:09]} Be5 {[%emt 0:02:15]} 23. Qd7 {[%emt 0:00:59]} Ne6 {[%emt 0:01:04]} 24. Ne2 {[%emt 0:00:10]} Rg8 {[%emt 0:00:22]} 25. Rf3 {[%emt 0:00:09]} Qg5 {[%emt 0:00:47]} 26. Rg1 {[%emt 0:00:04]} Rg7 {[%emt 0:00:39]} 27. Qc8+ {[%emt 0:00:03]} Rg8 {[%emt 0:00:01]} 28. Qxb7 {[%emt 0:00:01]} Nd4 {[%emt 0:00:19]} 29. Nxd4 {[%emt 0:00:13]} Bxd4 {[%emt 0:00:04]} 30. Qf7 {[%emt 0:00:05]} Bxg1 {[%emt 0:00:07]} 0-1

[Event "EWCCC Online Preliminary-D 2020"]
[Site "Online"]
[Date "2020.12.19"]
[Round "3.4"]
[White "Lomaia, Diana"]
[Black "Olde, Grete"]
[Result "1/2-1/2"]
[WhiteElo "1946"]
[BlackElo "1915"]
[Annotator "NA"]
[PlyCount "64"]
[EventDate "2020.12.19"]
[EventType "team-tourn"]
[EventCountry "NET"]
[SourceTitle "playchess.com"]
[Source "ChessBase"]
[SourceQuality "1"]
[TimeControl "900+5"]

1. d4 {[%emt 0:00:00]} d5 {[%emt 0:00:03]} 2. c4 {[%emt 0:00:03]} e6 {[%emt 0:00:04]} 3. Nf3 {[%emt 0:00:07]} Nf6 {[%emt 0:00:04]} 4. g3 {[%emt 0:00:01]} Be7 {[%emt 0:00:03]} 5. Bg2 {[%emt 0:00:05]} O-O {[%emt 0:00:03]} 6. O-O {[%emt 0:00:05]} dxc4 {[%emt 0:00:15]} 7. Qc2 {[%emt 0:00:09]} a6 {[%emt 0:00:03]} 8. a4 {[%emt 0:00:02]} Bd7 {[%emt 0:00:34]} 9. Ne5 {[%emt 0:00:05]} Bc6 {[%emt 0:00:44]} 10. Nxc6 {[%emt 0:00:04]} Nxc6 {[%emt 0:00:06]} 11. e3 {[%emt 0:00:02]} Na5 {[%emt 0:01:13]} 12. Nd2 {[%emt 0:00:21]} c5 {[%emt 0:00:22]} 13. dxc5 {[%emt 0:01:25]} Bxc5 {[%emt 0:00:20]} 14. Nxc4 {[%emt 0:02:39]} Rc8 {[%emt 0:02:47]} 15. Nxa5 {[%emt 0:01:57]} Qxa5 {[%emt 0:00:12]} 16. Qe2 {[%emt 0:01:15]} Rc7 {[%emt 0:01:59]} 17. Bd2 {[%emt 0:03:51]} Bb4 {[%emt 0:00:48]} 18. Bxb4 {[%emt 0:00:23]} Qxb4 {[%emt 0:00:06]} 19. Rac1 {[%emt 0:01:22]} Rfc8 {[%emt 0:00:35]} 20. Rxc7 {[%emt 0:00:11]} Rxc7 {[%emt 0:00:03]} 21. Qd3 {[%emt 0:00:12]} Rd7 {[%emt 0:01:01]} 22. Qc2 {[%emt 0:00:13]} g6 {[%emt 0:00:20]} 23. Rc1 {[%emt 0:00:24]} Kg7 {[%emt 0:00:52]} 24. b3 {[%emt 0:01:09]} Rd2 {[%emt 0:01:30]} 25. Qc4 {[%emt 0:00:04]} Qb6 {[%emt 0:00:46]} 26. Bf3 {[%emt 0:00:13]} Rb2 {[%emt 0:00:16]} 27. Rc3 {[%emt 0:00:07]} h5 {[%emt 0:00:57]} 28. h4 {[%emt 0:00:06]} Rb1+ {[%emt 0:00:06]} 29. Kg2 {[%emt 0:00:05]} Rb2 {[%emt 0:00:10]} 30. Kg1 {[%emt 0:00:21]} Rb1+ {[%emt 0:00:30]} 31. Kg2 {[%emt 0:00:03]} Rb2 {[%emt 0:00:01]} 32. Kg1 {[%emt 0:00:02]} Rb1+ {[%emt 0:00:02]} 1/2-1/2

[Event "EWCCC Online Preliminary-D 2020"]
[Site "Online"]
[Date "2020.12.19"]
[Round "3.4"]
[White "Esadze, Tamari"]
[Black "Olde, Margareth"]
[Result "1-0"]
[WhiteElo "1889"]
[BlackElo "2233"]
[Annotator "NA"]
[PlyCount "87"]
[EventDate "2020.12.19"]
[EventType "team-tourn"]
[EventCountry "NET"]
[SourceTitle "playchess.com"]
[Source "ChessBase"]
[SourceQuality "1"]
[TimeControl "900+5"]

1. e4 {[%emt 0:00:00]} e5 {[%emt 0:00:03]} 2. Nf3 {[%emt 0:00:04]} Nc6 {[%emt 0:00:02]} 3. Bb5 {[%emt 0:00:04]} a6 {[%emt 0:00:01]} 4. Ba4 {[%emt 0:00:03]} Nf6 {[%emt 0:00:02]} 5. O-O {[%emt 0:00:06]} Be7 {[%emt 0:00:02]} 6. Re1 {[%emt 0:00:06]} b5 {[%emt 0:00:06]} 7. Bb3 {[%emt 0:00:02]} d6 {[%emt 0:00:03]} 8. c3 {[%emt 0:00:03]} O-O {[%emt 0:00:02]} 9. h3 {[%emt 0:00:02]} Nb8 {[%emt 0:00:01]} 10. d4 {[%emt 0:00:06]} Nbd7 {[%emt 0:00:03]} 11. Nbd2 {[%emt 0:00:11]} c5 {[%emt 0:00:02]} 12. Nf1 {[%emt 0:00:16]} Re8 {[%emt 0:00:03]} 13. Ng3 {[%emt 0:00:04]} Bf8 {[%emt 0:00:09]} 14. Bg5 {[%emt 0:00:15]} h6 {[%emt 0:00:27]} 15. Bxf6 {[%emt 0:00:19]} Qxf6 {[%emt 0:00:17]} 16. a4 {[%emt 0:00:14]} Rb8 {[%emt 0:00:27]} 17. axb5 {[%emt 0:00:12]} axb5 {[%emt 0:00:04]} 18. Bd5 {[%emt 0:00:47]} Bb7 {[%emt 0:01:16]} 19. Ra7 {[%emt 0:00:28]} Bxd5 {[%emt 0:00:29]} 20. exd5 {[%emt 0:00:01]} Rbd8 {[%emt 0:03:37]} 21. Ne4 {[%emt 0:00:40]} Qg6 {[%emt 0:00:43]} 22. Nh4 {[%emt 0:01:07]} Qh7 {[%emt 0:00:02]} 23. Rxd7 {[%emt 0:00:31]} Rxd7 {[%emt 0:00:34]} 24. Nf6+ {[%emt 0:00:02]} gxf6 {[%emt 0:00:04]} 25. Qg4+ {[%emt 0:00:03]} Kh8 {[%emt 0:01:55]} 26. Qxd7 {[%emt 0:00:05]} Ra8 {[%emt 0:00:10]} 27. dxc5 {[%emt 0:00:38]} dxc5 {[%emt 0:00:08]} 28. d6 {[%emt 0:00:31]} Kg8 {[%emt 0:02:42]} 29. Nf5 {[%emt 0:00:48]} h5 {[%emt 0:00:23]} 30. Ne7+ {[%emt 0:00:45]} Kh8 {[%emt 0:00:10]} 31. Nc6 {[%emt 0:01:21]} Qd3 {[%emt 0:01:44]} 32. Qb7 {[%emt 0:00:56]} Qd2 {[%emt 0:01:30]} 33. Rf1 {[%emt 0:00:35]} Bxd6 {[%emt 0:00:04]} 34. Qxa8+ {[%emt 0:00:07]} Kg7 {[%emt 0:00:02]} 35. Nd8 {[%emt 0:00:32]} e4 {[%emt 0:00:05]} 36. Qxe4 {[%emt 0:00:08]} Be5 {[%emt 0:00:09]} 37. Nc6 {[%emt 0:00:12]} Bc7 {[%emt 0:00:07]} 38. Qe3 {[%emt 0:00:21]} Qd5 {[%emt 0:00:12]} 39. Ne7 {[%emt 0:00:06]} Qd7 {[%emt 0:00:03]} 40. Re1 {[%emt 0:00:12]} Kh7 {[%emt 0:00:05]} 41. Qe4+ {[%emt 0:00:06]} Kh8 {[%emt 0:00:02]} 42. Nf5 {[%emt 0:00:05]} Qd2 {[%emt 0:00:05]} 43. Qe8+ {[%emt 0:00:05]} Kh7 {[%emt 0:00:01]} 44. Qxf7+ {[%emt 0:00:01]} 1-0

[Event "EWCCC Online Preliminary-D 2020"]
[Site "Online"]
[Date "2020.12.19"]
[Round "4.1"]
[White "Olde, Margareth"]
[Black "Tsirulnik, Maritsa"]
[Result "0-1"]
[WhiteElo "2233"]
[BlackElo "2139"]
[Annotator "ChessBase"]
[PlyCount "148"]
[EventDate "2020.12.19"]
[EventType "team-tourn"]
[EventCountry "NET"]
[SourceTitle "playchess.com"]
[Source "ChessBase"]
[SourceQuality "1"]
[TimeControl "900+5"]

1. c4 {[%emt 0:00:00]} e6 {[%emt 0:00:04]} 2. Nf3 {[%emt 0:00:07]} d5 {[%emt 0:00:07]} 3. g3 {[%emt 0:00:09]} Nf6 {[%emt 0:00:26]} 4. Bg2 {[%emt 0:00:03]} dxc4 {[%emt 0:00:24]} 5. Qa4+ {[%emt 0:00:08]} Nbd7 {[%emt 0:00:31]} 6. Qxc4 {[%emt 0:00:43]} a6 {[%emt 0:00:31]} 7. Qc2 {[%emt 0:00:24]} c5 {[%emt 0:00:06]} 8. O-O {[%emt 0:00:13]} Be7 {[%emt 0:00:16]} 9. Nc3 {[%emt 0:00:43]} O-O {[%emt 0:00:05]} 10. d3 {[%emt 0:00:40]} Nd5 {[%emt 0:00:36]} 11. Nxd5 {[%emt 0:00:47]} exd5 {[%emt 0:00:02]} 12. Bf4 {[%emt 0:00:59]} Nf6 {[%emt 0:00:12]} 13. a4 {[%emt 0:00:56]} d4 {[%emt 0:00:28]} 14. Ne5 {[%emt 0:00:41]} Nd5 {[%emt 0:00:10]} 15. Bd2 {[%emt 0:00:08]} Be6 {[%emt 0:00:52]} 16. a5 {[%emt 0:00:32]} Rc8 {[%emt 0:01:54]} 17. Nc4 {[%emt 0:00:12]} Qd7 {[%emt 0:00:17]} 18. Bxd5 {[%emt 0:00:55]} Bxd5 {[%emt 0:00:08]} 19. Nb6 {[%emt 0:00:02]} Qf5 {[%emt 0:00:15]} 20. Nxc8 {[%emt 0:00:25]} Rxc8 {[%emt 0:00:02]} 21. e4 {[%emt 0:00:27]} dxe3 {[%emt 0:00:04]} 22. fxe3 {[%emt 0:00:02]} Qg6 {[%emt 0:01:01]} 23. e4 {[%emt 0:00:11]} Be6 {[%emt 0:00:16]} 24. Bf4 {[%emt 0:00:42]} h5 {[%emt 0:00:25]} 25. Kh1 {[%emt 0:00:36]} Bf6 {[%emt 0:00:38]} 26. Rad1 {[%emt 0:01:29]} Bd4 {[%emt 0:00:16]} 27. b3 {[%emt 0:00:13]} Bh3 {[%emt 0:00:34]} 28. Rfe1 {[%emt 0:00:06]} Bg4 {[%emt 0:00:02]} 29. Be3 {[%emt 0:02:01]} Bxd1 {[%emt 0:01:42]} 30. Qxd1 {[%emt 0:00:04]} Bxe3 {[%emt 0:00:05]} 31. Rxe3 {[%emt 0:00:02]} Qf6 {[%emt 0:00:04]} 32. Qf3 {[%emt 0:00:46]} Qa1+ {[%emt 0:00:23]} 33. Kg2 {[%emt 0:00:04]} Qb2+ {[%emt 0:00:03]} 34. Kh3 {[%emt 0:00:41]} Qxb3 {[%emt 0:00:03]} 35. Qxh5 {[%emt 0:00:15]} Rc6 {[%emt 0:00:07]} 36. Qe2 {[%emt 0:00:43]} Qc3 {[%emt 0:00:32]} 37. e5 {[%emt 0:00:04]} Re6 {[%emt 0:00:28]} 38. Re4 {[%emt 0:00:20]} Qxa5 {[%emt 0:00:07]} 39. Rh4 {[%emt 0:00:02]} Qc7 {[%emt 0:00:20]} 40. Qe4 {[%emt 0:00:37]} g6 {[%emt 0:00:16]} 41. d4 {[%emt 0:00:07]} cxd4 {[%emt 0:00:11]} 42. Qxd4 {[%emt 0:00:01]} Qxe5 {[%emt 0:00:49]} 43. Qd8+ {[%emt 0:00:03]} Re8 {[%emt 0:00:01]} 44. Qd1 {[%emt 0:00:09]} Qe6+ {[%emt 0:00:06]} 45. Rg4 {[%emt 0:00:06]} Qe2 {[%emt 0:00:07]} 46. Qd6 {[%emt 0:00:04]} Qf1+ {[%emt 0:00:25]} 47. Kh4 {[%emt 0:00:02]} Qf5 {[%emt 0:00:06]} 48. Rg5 {[%emt 0:00:03]} Re4+ {[%emt 0:00:07]} 49. g4 {[%emt 0:00:02]} Qf2+ {[%emt 0:00:07]} 50. Qg3 {[%emt 0:00:06]} Qxg3+ {[%emt 0:00:05]} 51. Kxg3 {[%emt 0:00:01]} b5 {[%emt 0:00:12]} 52. Kf3 {[%emt 0:00:04]} Re6 {[%emt 0:00:05]} 53. h4 {[%emt 0:00:08]} Kg7 {[%emt 0:00:08]} 54. Rc5 {[%emt 0:00:05]} Rb6 {[%emt 0:00:10]} 55. Ke2 {[%emt 0:00:07]} a5 {[%emt 0:00:10]} 56. Kd2 {[%emt 0:00:02]} a4 {[%emt 0:00:04]} 57. Kc3 {[%emt 0:00:04]} b4+ {[%emt 0:00:02]} 58. Kb2 {[%emt 0:00:02]} b3 {[%emt 0:00:15]} 59. Ra5 {[%emt 0:00:07]} Rb4 {[%emt 0:00:03]} 60. h5 {[%emt 0:00:04]} Rxg4 {[%emt 0:00:04]} 61. hxg6 {[%emt 0:00:02]} Kxg6 {[%emt 0:00:07]} 62. Ka3 {[%emt 0:00:02]} f5 {[%emt 0:00:04]} 63. Rb5 {[%emt 0:00:07]} Re4 {[%emt 0:00:03]} 64. Rb8 {[%emt 0:00:05]} f4 {[%emt 0:00:04]} 65. Kb2 {[%emt 0:00:04]} Kg5 {[%emt 0:00:03]} 66. Kc3 {[%emt 0:00:02]} f3 {[%emt 0:00:15]} 67. Kd3 {[%emt 0:00:04]} Re2 {[%emt 0:00:12]} 68. Rb5+ {[%emt 0:00:05]} Kg4 {[%emt 0:00:02]} 69. Rb4+ {[%emt 0:00:03]} Kg3 {[%emt 0:00:02]} 70. Rxa4 {[%emt 0:00:01]} b2 {[%emt 0:00:02]} 71. Rb4 {[%emt 0:00:03]} Kf2 {[%emt 0:00:06]} 72. Rb8 {[%emt 0:00:31]} Ke1 {[%emt 0:00:04]} 73. Kc3 {[%emt 0:00:09]} f2 {[%emt 0:00:03]} 74. Rh8 {[%emt 0:00:05]} f1=Q {[%emt 0:00:03]} 0-1